| 000 | 00546nam a22001695i 4500 | ||
|---|---|---|---|
| 001 | 54144 | ||
| 003 | ES-MaACL | ||
| 007 | t| | ||
| 008 | 960711s1871 gw ||||1| ger d | ||
| 040 |
_aCAM _bspa _cCAM |
||
| 100 | 1 |
_aFick, August. _950683 |
|
| 245 | 1 | 0 |
_aVergleichendes Wörterbuch der Indogemanischen Sprachen _b: ein sprachgeschichtlicher Versuch / _cvon August Fick. |
| 250 | _a2. Aufl. umgearbeitete. | ||
| 260 |
_aGöttinger : _bVandenhoeck & Ruprechts Verlag, _c1871. |
||
| 300 |
_a[6], 1085 p. ; _c23 cm. |
||
| 852 |
_aES-MaACL _jG-1481 |
||
| 999 |
_c54144 _d54144 |
||